000 00999nam a22002897a 4500
001 2893
003 FISKH
005 20240122150651.0
008 240122b cb ||||| |||| 00| 0 eng d
020 _a9780545268592
040 _aFISKH
_beng
_cFISKH
_dFISKH
050 _aPZ7.P838165
082 _a468
100 _aPosada, Jorge
245 _aPlay ball! /
_cby Posada, Jorge with Burleigh, Robert : illustrated by Colón, Raúl
250 _aFirst Scholastic printing , May 2010
260 _aNew York :
_bScholastic ,
_c2006
300 _a30 unnumbered pages :
_bcolor illustrations ;
_c29 cm .
505 _aO
520 _aPresents a story of right-handed Jorge Posada being coached by his father to bat left-handed, and how it leads right to the major leagues.
521 8 _a620
_bLexile
521 8 _aO
_bRaz-Plus
600 _2baseball
_vhistorical fiction
610 _2sports
_vpictures books
700 _a Colón , Raúl
_eillustrator
942 _2ddc
_cBK
_n0
999 _c2893
_d2893